Typing Challenge: U.S. Constitution Preamble Quiz Stats

Quiz Updated Aug 7, 2015

Also try: Click Your Rights!
Challenge
Share
Tweet
Embed
Score 0/52 Timer 01:00
24 Plays Today
Word to type Typed word % Correct
????
100%
????
99.4%
????
98.3%
????
97.7%
????
97.4%
????
96.9%
????
96.5%
????
96.2%
????
95.9%
????
95.7%
????
95.5%
????
95.4%
????
95.1%
????
94.6%
????
94.1%
????
92.9%
????
91.9%
????
91%
????
89.7%
????
86.9%
????
85.2%
????
84.4%
????
83.9%
????
82.5%
????
80.6%
????
78.6%
Word to type Typed word % Correct
????
77.6%
????
75.4%
????
73.2%
????
72.1%
????
70%
????
69%
????
65.6%
????
64.5%
????
61.6%
????
60.3%
????
56%
????
54.6%
????
52.8%
????
47.5%
????
45.7%
????
42.6%
????
40.9%
????
36.1%
????
33.9%
????
26%
????
23.8%
????
22.4%
????
19.2%
????
17%
????
16.1%
????
14%

You're not logged in!

Compare scores with friends on all Sporcle quizzes.
Sign Up with Email
OR
Log In

You Might Also Like...

Show Comments

Extras

Top Quizzes Today


Score Distribution

Your Account Isn't Verified!

In order to create a playlist on Sporcle, you need to verify the email address you used during registration. Go to your Sporcle Settings to finish the process.